Стихотворения (Запись № 235309)

Подробности
000 -МАРКЕР
контрольное поле 03036nam0a2200493 4500
001 - ИДЕНТИФИКАТОР ЗАПИСИ
контрольное поле RU\NLR\bibl\349390
005 - ИДЕНТИФИКАТОР ВЕРСИИ
контрольное поле 20260406141909.0
010 ## - МЕЖДУНАРОДНЫЙ СТАНДАРТНЫЙ НОМЕР КНИГИ (ISBN)
Номер (ISBN) 5-7107-5499-4
Тираж 15000
021 ## - НОМЕР ГОСУДАРСТВЕННОЙ РЕГИСТРАЦИИ
Код страны Российская Федерация
Номер 2002-46420
Номер Листа государственной регистраци 2248
035 ## - ДРУГИЕ СИСТЕМНЫЕ НОМЕРА
Идентификатор записи (NLR Aleph) 000344175
100 ## - ДАННЫЕ ОБЩЕЙ ОБРАБОТКИ
Данные общей обработки 20021203d2002 |||y0rusy50 ca
101 0# - ЯЗЫК РЕСУРСА
Язык текста, звукозаписи и т.д. русский
102 ## - СТРАНА ПУБЛИКАЦИИ ИЛИ ПРОИЗВОДСТВА
Страна публикации Российская Федерация
105 ## - ПОЛЕ КОДИРОВАННЫХ ДАННЫХ: ТЕКСТОВЫЕ МАТЕРИАЛЫ, МОНОГРАФИЧЕСКИЕ
Кодированные данные о монографическом текстовом документе y |||||||||
200 1# - ЗАГЛАВИЕ И СВЕДЕНИЯ ОБ ОТВЕТСТВЕННОСТИ
Основное заглавие Стихотворения
Сведения, относящиеся к заглавию Анализ текста. Основное содерж. Сочинения
Первые сведения об ответственности М. В. Ломоносов, Г. Р. Державин
Последующие сведения об ответственности [Авт.-сост. Горелик Л. Л.]
210 ## - ПУБЛИКАЦИЯ, РАСПРОСТРАНЕНИЕ И ДР.
Место издания, распространения и т.д. М.
Имя издателя, распространителя и т. д. Дрофа
Дата издания, распространения и т.д. 2002
215 ## - ФИЗИЧЕСКАЯ ХАРАКТЕРИСТИКА
Специфическое обозначение материала и объем 127, [1] с.
Размеры 20
225 1# - СЕРИЯ
Основное заглавие серии Школьная программа
604 ## - ИМЯ И ЗАГЛАВИЕ КАК ПРЕДМЕТ
Связываемые данные 200#1$aДержавин$gГаврила Романович$bГ.Р.$f1743 - 1816
-- 235|#$aПоэзия
Имя лица Державин, Гаврила Романович (1743 - 1816)
Заглавие Поэзия
Формальный подзаголовок Руководства, пособия и т.п. для средней школы
Идентификатор авторитетной/нормативной записи RU\NLR\AUTH\66347325
Системный номер авторитетной/нормативной записи 939314
604 ## - ИМЯ И ЗАГЛАВИЕ КАК ПРЕДМЕТ
Связываемые данные 200#1$aДержавин$gГаврила Романович$bГ.Р.$f1743 - 1816
-- 235|#$aПоэзия
Имя лица Державин, Гаврила Романович (1743 - 1816)
Заглавие Поэзия
Формальный подзаголовок Учебные издания для средней школы
Идентификатор авторитетной/нормативной записи RU\NLR\AUTH\66347325
Системный номер авторитетной/нормативной записи 939314
604 ## - ИМЯ И ЗАГЛАВИЕ КАК ПРЕДМЕТ
Связываемые данные 200#1$aЛомоносов$bМ.В.$gМихаил Васильевич$f1711 - 1765
-- 2351#$aПоэзия
Имя лица Ломоносов, Михаил Васильевич (1711 - 1765)
Заглавие Поэзия
Формальный подзаголовок Руководства, пособия и т.п. для средней школы
Идентификатор авторитетной/нормативной записи RU\NLR\AUTH\661361173
Системный номер авторитетной/нормативной записи 2271026
604 ## - ИМЯ И ЗАГЛАВИЕ КАК ПРЕДМЕТ
Связываемые данные 200#1$aЛомоносов$bМ.В.$gМихаил Васильевич$f1711 - 1765
-- 2351#$aПоэзия
Имя лица Ломоносов, Михаил Васильевич (1711 - 1765)
Заглавие Поэзия
Формальный подзаголовок Учебные издания для средней школы
Идентификатор авторитетной/нормативной записи RU\NLR\AUTH\661361173
Системный номер авторитетной/нормативной записи 2271026
610 0# - НЕКОНТРОЛИРУЕМЫЕ ПРЕДМЕТНЫЕ ТЕРМИНЫ
Предметный термин Русская поэзия, 18-19 вв.
610 0# - НЕКОНТРОЛИРУЕМЫЕ ПРЕДМЕТНЫЕ ТЕРМИНЫ
Предметный термин Художественные произведения - Анализ
610 0# - НЕКОНТРОЛИРУЕМЫЕ ПРЕДМЕТНЫЕ ТЕРМИНЫ
Предметный термин Сочинения по литературе
675 ## - УНИВЕРСАЛЬНАЯ ДЕСЯТИЧНАЯ КЛАССИФИКАЦИЯ (UDC/УДК)
Индекс 373.167.1:821.161.1.09
Издание 3
Язык издания rus
675 ## - УНИВЕРСАЛЬНАЯ ДЕСЯТИЧНАЯ КЛАССИФИКАЦИЯ (UDC/УДК)
Индекс 821.161.1.09(075.3)
Издание 3
Язык издания rus
686 ## - ИНДЕКСЫ ДРУГИХ КЛАССИФИКАЦИЙ
Индекс 14.25
Код системы
686 ## - ИНДЕКСЫ ДРУГИХ КЛАССИФИКАЦИЙ
Индекс 83.3(2Рос-Рус)1я721
Код системы
686 ## - ИНДЕКСЫ ДРУГИХ КЛАССИФИКАЦИЙ
Индекс Ч426.21,6(2)315.8-Ломоносов
686 ## - ИНДЕКСЫ ДРУГИХ КЛАССИФИКАЦИЙ
Индекс Ч426.21,6(2)315.8-Державин
686 ## - ИНДЕКСЫ ДРУГИХ КЛАССИФИКАЦИЙ
Индекс Ш5(2=Р)4-4Ломоносов535
686 ## - ИНДЕКСЫ ДРУГИХ КЛАССИФИКАЦИЙ
Индекс Ш5(2=Р)4-4Державин535
700 #1 - ИМЯ ЛИЦА - ПЕРВИЧНАЯ ОТВЕТСТВЕННОСТЬ
Код отношения Автор
Материалы, к которым относится поле rus
Графика поля Кириллица
Начальный элемент ввода Ломоносов
Часть имени, кроме начального элемента ввода М. В.
Даты 1711-1765
Расширение инициалов личного имени Михаил Васильевич
Идентификатор авторитетной/нормативной записи RU\NLR\auth\772859
Системный номер авторитетной/нормативной записи 112866
701 #1 - ИМЯ ЛИЦА - АЛЬТЕРНАТИВНАЯ ОТВЕТСТВЕННОСТЬ
Код отношения Автор
Материалы, к которым относится поле rus
Графика поля Кириллица
Начальный элемент ввода Державин
Часть имени, кроме начального элемента ввода Г. Р.
Даты 1743-1816
Расширение инициалов личного имени Гаврила Романович
Идентификатор авторитетной/нормативной записи RU\NLR\auth\773473
Системный номер авторитетной/нормативной записи 113469
702 #1 - ИМЯ ЛИЦА - ВТОРИЧНАЯ ОТВЕТСТВЕННОСТЬ
Начальный элемент ввода Горелик
Часть имени, кроме начального элемента ввода Л. Л.
Расширение инициалов личного имени Людмила Львовна
Код отношения Составитель
801 #0 - ИСТОЧНИК ЗАПИСИ
Страна Российская Федерация
Организация RKP
Дата составления 20021203
Правила каталогизации PSBO
801 #1 - ИСТОЧНИК ЗАПИСИ
Страна Российская Федерация
Организация RKP
Дата составления 20021203
801 #2 - ИСТОЧНИК ЗАПИСИ
Страна Российская Федерация
Организация NLR
Дата составления 20050201
Правила каталогизации rcr
942 ## - ДОПОЛНИТЕЛЬНЫЕ ЭЛЕМЕНТЫ ЗАПИСИ (АБИС)
Тип экземпляра АБИС Книга
980 ## - КОЛЛЕКЦИЯ
Название коллекции Национальная библиография
Экземпляры
Тип экземпляра Дата поступления Источник поступления Библиотека постоянного хранения Библиотека текущего хранения Место хранения Шифр хранения Штрих-код Статус экземпляра Стоимость
Книга 18.12.2002 Обязательный экземпляр РНБ (Московский) РНБ (Московский) Русский книжный фонд: издания с 1957 года 2002-3/30612 390668    
Книга 18.12.2002 Обязательный экземпляр РНБ (Московский) РНБ (Московский) Русский книжный фонд: издания с 1957 года 2002-3/30612 390669    
Книга 05.04.2006 Покупка СТ РНБ (Садовая) РНБ (Садовая) Фонд Абонемента (Садовая) Аб Ш5(2=Р)5/Л-75 2155510   16.50